=LDR 00000nam 2200000 4500 =001 INLIS000000000036808 =005 20130612142554 =008 ***********************************Ind** =035 ##$$0010-061300000036808 =041 ##$$a Ind =082 ##$$a 646.4 =090 ##$$a 646.4, Kar t =100 ##$$a Karim, Ayu Isni =245 ##$$a The power of miy dan match, cape titik gaya bersama muslim, Ayu Isni Karim =260 ##$$a 2011 $b Jakarta =300 ##$$a 56 hlm, ilus, 24 cm =650 ##$$a Pakaian-mode =850 ##$$a NBPNMAT